[Event "GER-ch U14 Girls"]
[Site "Willingen"]
[Date "2023.05.29"]
[Round "3"]
[White "Ignatova, Gabriela"]
[Black "Neininger, Sarah"]
[Result "0-1"]
[WhiteElo "1146"]
[BlackElo "1512"]
[PlyCount "38"]
[EventDate "2023.05.27"]
[EventType "swiss"]
[EventRounds "9"]
[EventCountry "GER"]
[SourceTitle "CBM 214 Extra"]
[Source "ChessBase"]
[SourceDate "2023.07.31"]
[SourceVersion "1"]
[SourceVersionDate "2023.07.31"]
[SourceQuality "1"]

1. e4 c5 2. Nf3 d6 3. d4 cxd4 4. Nxd4 Nf6 5. Nc3 g6 6. Bc4 Bg7 7. f3 Nc6 8. Bd2 Nxd4 9. Be3 Nc6 10. Qd2 h5 11. h3 Ne5 12. Bb3 Bd7 13. 0-0-0 b5 14. Nd5 Nc4 15. Nxf6+ Bxf6 16. Bxc4 bxc4 17. g4 Rb8 18. c3 Qa5 19. Qc2 Qxa2 0-1